00620nam a2200181 a 4500008004100000020001500041050002600056100001800082245007600100246003300176260006300209350000900272650001200281650004000293650002900333650004700362650002900409120416s1989 ||||||||||||||||| || u a9154093422 aHD 7287.82Z7.X2H3 Sch aSchlyter, Ann10aWomen householders and housing strategies: the case of Harare, Zimbabwe athe case of Harare, Zimbabwe aStockholm:bThe National Swedish Institute for Buildc1989 a0.00 aHOUSING aWOMEN HEADS OF HOUSEHOLDS--ZIMBABWE aWOMEN--HOUSING--ZIMBABWE aWOMEN--ZIMBABWE--HARARE--SOCIAL CONDITIONS aHOUSING POLICY--ZIMBABWE